| 000 | 00623nam a2200205Ia 4500 | ||
|---|---|---|---|
| 999 |
_c7750 _d7750 |
||
| 003 | OSt | ||
| 005 | 20200116102840.0 | ||
| 008 | 190216s9999||||xx |||||||||||||| ||und|| | ||
| 020 | _a9780071067850 | ||
| 040 | _coclc | ||
| 082 |
_a658.15 _bKHA/F |
||
| 100 |
_aKhan, M Y _91004 |
||
| 245 | 0 |
_aFinancial Management : _bText Problems And Cases / _cM Y Khan ; P K Jain |
|
| 250 | _a6th ed. | ||
| 260 |
_bTata Mcgraw Hill Publishing Company Ltd, _c2011. _aNew Delhi: |
||
| 300 | _a1336p | ||
| 650 | _xFinancial Management | ||
| 700 |
_91158 _aJain, P K |
||
| 942 |
_cBK _2ddc _h658.15 _iKHA/F _k658.15 _mKHA/F |
||